000 01401cam a22003614a 4500
999 _c101
_d101
001 13199228
003 Nust
005 20170105095819.0
008 030515s2003 inua 001 0 eng
010 _a 2003107082
020 _a0764543776
035 _a(DLC) 2003107082
040 _aDLC
_cDLC
_dDLC
042 _apcc
050 0 0 _aTK5105.8885.A26
_bB46 2003
100 1 _aBellinaso, Marco.
245 1 0 _aASP.NET website programming :
_bproblem, design, solution /
_cMarco Bellinaso, Kevin Hoffman.
250 _aC# ed.
260 _aIndianapolis, IN :
_bWiley Pub.,
_cc2003.
300 _aix, 540 p. :
_bill. ;
_c23 cm.
500 _a"Programmer to programmer."
630 0 0 _aActive server pages.
650 0 _aMicrosoft .NET Framework.
650 0 _aWeb sites
_xDesign.
650 0 _aInternet programming.
700 1 _aHoffman, Kevin,
_d1975-
856 4 2 _3Contributor biographical information
_uhttp://www.loc.gov/catdir/bios/wiley046/2003107082.html
856 4 2 _3Publisher description
_uhttp://www.loc.gov/catdir/description/wiley0310/2003107082.html
856 4 1 _3Table of contents
_uhttp://www.loc.gov/catdir/toc/wiley032/2003107082.html
906 _a7
_bcbc
_corignew
_d2
_eepcn
_f20
_gy-gencatlg
942 _2ddc
_cBK